[Event "GER-chT Seniors 16th"]
[Site "Halle"]
[Date "2007.09.18"]
[Round "6.3"]
[White "Landgraf, Siegfried"]
[Black "Troeger, Rainer"]
[Result "1/2-1/2"]
[WhiteElo "2160"]
[BlackElo "2200"]
[PlyCount "90"]
[EventDate "2007.09.13"]
[EventType "team"]
[EventRounds "7"]
[EventCountry "GER"]
[SourceTitle "EXT 2008"]
[Source "ChessBase"]
[SourceDate "2007.11.25"]
[SourceVersion "1"]
[SourceVersionDate "2007.11.25"]
[SourceQuality "1"]

1. Nf3 Nf6 2. g3 g6 3. Bg2 Bg7 4. 0-0 d5 5. d4 Nbd7 6. Be3 0-0 7. Qc1 Re8 8. h3 c6 9. Rd1 Ne4 10. Nbd2 Nd6 11. c3 e5 12. dxe5 Nxe5 13. Nxe5 Rxe5 14. Nf3 Re8 15. Nd4 Nc4 16. Bg5 f6 17. Bf4 g5 18. b3 Ne5 19. Be3 Bd7 20. Qd2 h6 21. Rac1 Qe7 22. c4 dxc4 23. bxc4 Rad8 24. Qa5 a6 25. Nb3 Be6 26. Rxd8 Qxd8 27. Qxd8 Rxd8 28. Bb6 Re8 29. Na5 Re7 30. f4 Ng6 31. e3 Rd7 32. Bd4 gxf4 33. gxf4 Nxf4 34. exf4 Rxd4 35. Nxb7 Rxc4 36. Re1 Bd7 37. Re7 Rd4 38. Nc5 Bf8 39. Rxd7 Bxc5 40. Rxd4 Bxd4+ 41. Kf1 c5 42. Bd5+ Kf8 43. Ke2 Ke7 44. Bc4 a5 45. a4 Kd6 1/2-1/2

[Event "GER-chT Seniors 16th"]
[Site "Halle"]
[Date "2007.09.14"]
[Round "2.3"]
[White "Braeunlin, Klaus"]
[Black "Landgraf, Siegfried"]
[Result "0-1"]
[WhiteElo "2132"]
[BlackElo "2160"]
[PlyCount "60"]
[EventDate "2007.09.13"]
[EventType "team"]
[EventRounds "7"]
[EventCountry "GER"]
[SourceTitle "EXT 2008"]
[Source "ChessBase"]
[SourceDate "2007.11.25"]
[SourceVersion "1"]
[SourceVersionDate "2007.11.25"]
[SourceQuality "1"]

1. e4 g6 2. d4 Bg7 3. Nc3 c5 4. Be3 Qa5 5. Nge2 Nf6 6. f3 cxd4 7. Nxd4 Nc6 8. Nb3 Qd8 9. Qd2 h5 10. 0-0-0 d6 11. Kb1 Be6 12. Be2 0-0 13. Rhg1 Ne5 14. Qe1 Qc8 15. h3 Nc4 16. Bc1 a6 17. Nd4 b5 18. g4 b4 19. Na4 Nd7 20. Nxe6 fxe6 21. Qxb4 Nce5 22. Qb3 Nc5 23. Nxc5 dxc5 24. f4 Rb8 25. Qa3 Nc6 26. c3 hxg4 27. Rxg4 Nd8 28. Rdg1 Rf6 29. e5 Rf7 30. Rxg6 Qc6 0-1

[Event "EU-chT Seniors 09th"]
[Site "Dresden"]
[Date "2007.02.21"]
[Round "6"]
[White "Westerinen, Heikki MJ"]
[Black "Landgraf, Siegfried"]
[Result "1-0"]
[WhiteElo "2402"]
[BlackElo "2170"]
[PlyCount "43"]
[EventDate "2007.02.16"]
[EventType "team-swiss"]
[EventRounds "9"]
[EventCountry "GER"]
[SourceTitle "CBM 117 Extra"]
[Source "ChessBase"]
[SourceDate "2007.05.09"]
[SourceVersion "1"]
[SourceVersionDate "2007.05.09"]
[SourceQuality "1"]

1. e4 g6 2. d4 c6 3. Nc3 d5 4. h3 Bg7 5. Nf3 Nh6 6. Bd3 dxe4 7. Nxe4 Nf5 8. c3 0-0 9. Bf4 Nd7 10. 0-0 Nb6 11. Re1 Nd5 12. Bh2 a5 13. Qa4 b5 14. Qc2 Bh6 15. Ne5 Qb6 16. Nc5 Ra7 17. Ng4 Bg7 18. Re2 Bxd4 19. cxd4 Nxd4 20. Nh6+ Kg7 21. Be5+ f6 22. Bxd4 1-0

[Event "EU-chT Seniors 09th"]
[Site "Dresden"]
[Date "2007.02.18"]
[Round "3"]
[White "Landgraf, Siegfried"]
[Black "Goy, Udo"]
[Result "0-1"]
[WhiteElo "2170"]
[BlackElo "2217"]
[PlyCount "112"]
[EventDate "2007.02.16"]
[EventType "team-swiss"]
[EventRounds "9"]
[EventCountry "GER"]
[SourceTitle "CBM 117 Extra"]
[Source "ChessBase"]
[SourceDate "2007.05.09"]
[SourceVersion "1"]
[SourceVersionDate "2007.05.09"]
[SourceQuality "1"]

1. Nf3 Nf6 2. g3 g6 3. Bg2 Bg7 4. d4 c5 5. 0-0 cxd4 6. Nxd4 0-0 7. e4 Nc6 8. Nxc6 dxc6 9. c3 Be6 10. Qc2 Qa5 11. Bf4 Qh5 12. f3 Rfd8 13. Re1 Rd7 14. Nd2 Rad8 15. Nb3 Bc4 16. g4 Qb5 17. Nd4 Qa5 18. Be3 e5 19. Nb3 Qa4 20. Qf2 b6 21. Nd2 Be6 22. Nf1 Qc4 23. Nd2 Qb5 24. Nf1 c5 25. h3 Ne8 26. Qc2 Nd6 27. Nd2 c4 28. b4 cxb3 29. axb3 Qc6 30. c4 Nb5 31. Qb2 Nd4 32. Kh1 Bf8 33. Nf1 Bb4 34. Rec1 a5 35. Kh2 Bc5 36. Kh1 Qd6 37. Rd1 Qe7 38. Rd3 Qf6 39. Bf2 Rd6 40. Bg1 Nc6 41. Rxd6 Rxd6 42. Bxc5 bxc5 43. Ne3 Rd3 44. Nd5 Bxd5 45. cxd5 Nd4 46. Rf1 Rxb3 47. Qa2 Rb5 48. Qc4 Qb6 49. f4 exf4 50. Rxf4 Rb4 51. Qa2 Rb2 52. Qa4 Qb8 53. d6 Qxd6 54. Qe8+ Qf8 55. Qd7 Rb1+ 56. Kh2 Ne2 0-1

[Event "GER-ch Seniors 18th"]
[Site "Dresden"]
[Date "2006.07.28"]
[Round "7"]
[White "Jentsch, Dieter"]
[Black "Landgraf, Siegfried"]
[Result "0-1"]
[WhiteElo "2200"]
[BlackElo "2147"]
[PlyCount "54"]
[EventDate "2006.07.22"]
[EventType "swiss"]
[EventRounds "9"]
[EventCountry "GER"]
[SourceTitle "CBM 113 Extra"]
[Source "ChessBase"]
[SourceDate "2006.09.14"]
[SourceVersion "1"]
[SourceVersionDate "2006.09.14"]
[SourceQuality "1"]

1. e4 g6 2. d4 c6 3. Nf3 d5 4. e5 Bg7 5. c3 f6 6. Bf4 Nh6 7. Bd3 0-0 8. 0-0 Nf7 9. Re1 Bg4 10. e6 Ng5 11. Bxg5 fxg5 12. Nbd2 Qd6 13. Qb3 Bxe6 14. Qxb7 Nd7 15. Nxg5 Rab8 16. Qa6 Bf5 17. Bxf5 Rxf5 18. Ndf3 Rxb2 19. Re6 Qf4 20. g3 Rxg5 21. Qc8+ Nf8 22. Re3 Qf5 23. Qxc6 Rg4 24. Rf1 Bh6 25. Ne5 Bxe3 26. Nxg4 Qxg4 27. fxe3 Qe4 0-1

[Event "GER-chT Seniors 13th"]
[Site "Dresden"]
[Date "2004.08.07"]
[Round "7"]
[White "Fronczek, Heinrich"]
[Black "Landgraf, Siegfried"]
[Result "1-0"]
[WhiteElo "2251"]
[BlackElo "2143"]
[PlyCount "105"]
[EventDate "2004.08.01"]
[EventType "team"]
[EventRounds "7"]
[EventCountry "GER"]
[SourceTitle "CBM 103 Extra"]
[Source "ChessBase"]
[SourceDate "2005.01.01"]
[SourceVersion "1"]
[SourceVersionDate "2005.01.01"]
[SourceQuality "1"]

1. d4 g6 2. g3 Bg7 3. Bg2 c5 4. d5 d6 5. e4 Nf6 6. Nc3 0-0 7. Nge2 Nbd7 8. 0-0 a6 9. a4 Rb8 10. a5 b5 11. axb6 Rxb6 12. b3 Ne8 13. Bg5 h6 14. Be3 Nc7 15. Qd2 Kh7 16. Ra2 Ne5 17. f3 Rb8 18. h3 f6 19. f4 Nf7 20. g4 Bd7 21. Ng3 Qc8 22. Kh2 Rh8 23. f5 g5 24. Rfa1 Qb7 25. Bf1 Ra8 26. Na4 Rhb8 27. Nb2 Ne5 28. Kg2 Bb5 29. Be2 Kg8 30. Na4 Kf7 31. Nc3 Bf8 32. Bf2 Bg7 33. Nf1 Rh8 34. Ne3 Rhb8 35. Bg3 Nd7 36. Bc4 Nb6 37. Qd3 Nxc4 38. Nxc4 Bxc4 39. Qxc4 Bf8 40. Bf2 Bg7 41. Bxc5 Rc8 42. Bd4 Rab8 43. Qd3 Qb4 44. Ra4 Qb7 45. Rc4 Nb5 46. Nxb5 Qxb5 47. Rxc8 Rxc8 48. c4 Qb7 49. Qc3 Rb8 50. Ra3 Qb4 51. Qxb4 Rxb4 52. Kf3 a5 53. Bc3 1-0

[Event "EU-chT Seniors 06th"]
[Site "Dresden"]
[Date "2004.02.27"]
[Round "6.1"]
[White "Krieger, Hermann"]
[Black "Landgraf, Siegfried"]
[Result "1-0"]
[WhiteElo "2267"]
[BlackElo "2125"]
[PlyCount "33"]
[EventDate "2004.02.22"]
[EventType "team-swiss"]
[EventRounds "7"]
[EventCountry "GER"]
[SourceTitle "CBM 099 Extra"]
[Source "ChessBase"]
[SourceDate "2004.05.04"]
[SourceVersion "1"]
[SourceVersionDate "2004.05.04"]
[SourceQuality "1"]
[WhiteTeam "Rheinland Pfalz"]
[BlackTeam "Sachsen"]
[WhiteTeamCountry "GER"]
[BlackTeamCountry "GER"]

1. e4 g6 2. d4 Bg7 3. Nc3 c5 4. Nf3 Qa5 5. Be2 Nc6 6. d5 Nd4 7. Bd2 Nxf3+ 8. Bxf3 d6 9. 0-0 Nf6 10. Be2 0-0 11. f4 Nd7 12. Kh1 a6 13. Qe1 Qd8 14. a4 e6 15. Rd1 exd5 16. Nxd5 Nb6 17. Ba5 1-0

[Event "EU-chT Seniors 06th"]
[Site "Dresden"]
[Date "2004.02.24"]
[Round "3.1"]
[White "Landgraf, Siegfried"]
[Black "Goy, Udo"]
[Result "1/2-1/2"]
[WhiteElo "2125"]
[BlackElo "2257"]
[PlyCount "96"]
[EventDate "2004.02.22"]
[EventType "team-swiss"]
[EventRounds "7"]
[EventCountry "GER"]
[SourceTitle "CBM 099 Extra"]
[Source "ChessBase"]
[SourceDate "2004.05.04"]
[SourceVersion "1"]
[SourceVersionDate "2004.05.04"]
[SourceQuality "1"]
[WhiteTeam "Sachsen"]
[BlackTeam "Koblenz Mattadore"]
[WhiteTeamCountry "GER"]
[BlackTeamCountry "GER"]

1. Nf3 d6 2. d4 Nf6 3. g3 g6 4. Bg2 Bg7 5. 0-0 0-0 6. Nc3 c6 7. e4 Qc7 8. a4 e5 9. h3 b6 10. Re1 Bb7 11. Bg5 h6 12. Be3 Nbd7 13. Qd2 Kh7 14. Rad1 Rfe8 15. b3 Rad8 16. g4 exd4 17. Nxd4 Nc5 18. Bf4 a5 19. Bg3 Rd7 20. f3 Qd8 21. Qf2 Kg8 22. h4 d5 23. e5 Nh7 24. Bh3 Nf8 25. g5 hxg5 26. Bxd7 Ncxd7 27. hxg5 Qxg5 28. f4 Qg4 29. Qf3 Qxf3 30. Nxf3 Ne6 31. Rf1 Bf8 32. Ne2 Ba6 33. Rfe1 Rc8 34. Nfd4 Bb4 35. c3 Nxd4 36. Nxd4 Bxc3 37. Re3 Bb4 38. Bf2 Bf8 39. Rh3 Nc5 40. Rc1 Nd3 41. Rxc6 Nxf2 42. Kxf2 Bc5 43. Rxc8+ Bxc8 44. Rd3 Bf5 45. Rd2 f6 46. Kg3 Be4 47. exf6 Kf7 48. Kg4 Kxf6 1/2-1/2

[Event "EU-chT Seniors 06th"]
[Site "Dresden"]
[Date "2004.02.23"]
[Round "2.1"]
[White "Gudat, Alfons"]
[Black "Landgraf, Siegfried"]
[Result "1/2-1/2"]
[WhiteElo "2044"]
[BlackElo "2125"]
[PlyCount "56"]
[EventDate "2004.02.22"]
[EventType "team-swiss"]
[EventRounds "7"]
[EventCountry "GER"]
[SourceTitle "CBM 099 Extra"]
[Source "ChessBase"]
[SourceDate "2004.05.04"]
[SourceVersion "1"]
[SourceVersionDate "2004.05.04"]
[SourceQuality "1"]
[WhiteTeam "Widukind"]
[BlackTeam "Sachsen"]
[WhiteTeamCountry "GER"]
[BlackTeamCountry "GER"]

1. Nf3 g6 2. e4 c6 3. d4 d5 4. exd5 cxd5 5. Bb5+ Nc6 6. 0-0 Bg7 7. Re1 Bg4 8. c3 Nf6 9. Nbd2 0-0 10. h3 Bxf3 11. Nxf3 e6 12. Bg5 h6 13. Bh4 g5 14. Bg3 Ne4 15. Bh2 a6 16. Bxc6 bxc6 17. Nd2 f5 18. Nxe4 fxe4 19. Qg4 Qf6 20. f3 Rae8 21. Be5 Qf5 22. Bxg7 Kxg7 23. fxe4 Qxg4 24. hxg4 Rf4 25. exd5 cxd5 26. Re5 Rxg4 27. Rae1 Kf7 28. R1e3 Rf4 1/2-1/2

[Event "Wuerttemberg-ch Seniors 15th"]
[Site "Ellwangen"]
[Date "2003.04.19"]
[Round "9"]
[White "Landgraf, Siegfried"]
[Black "Papapostolou, Christos"]
[Result "1-0"]
[WhiteElo "2082"]
[BlackElo "2108"]
[PlyCount "67"]
[EventDate "2003.04.??"]
[EventType "swiss"]
[EventRounds "9"]
[EventCountry "GER"]
[SourceTitle "EXT 2006"]
[Source "ChessBase"]
[SourceDate "2005.11.24"]
[SourceVersion "1"]
[SourceVersionDate "2005.11.24"]
[SourceQuality "1"]

1. Nf3 Nf6 2. d4 e6 3. g3 c5 4. Bg2 Nc6 5. 0-0 d5 6. c4 Be7 7. cxd5 exd5 8. dxc5 Bxc5 9. Qc2 Qb6 10. Nc3 Nb4 11. Qd1 Bf5 12. Na4 Qb5 13. Nxc5 Qxc5 14. Be3 Qa5 15. Nd4 Be4 16. f3 Bg6 17. Qb3 Na6 18. Qxb7 0-0 19. Nc6 Qa4 20. Rfc1 Kh8 21. Rc3 Rfe8 22. b3 Qa3 23. Bc1 Qd6 24. Qxa6 d4 25. Bf4 Qe6 26. Rcc1 Nd5 27. Bd2 Qxe2 28. Qxe2 Rxe2 29. f4 Rxd2 30. Bxd5 Re8 31. Ne5 f6 32. Nf3 Rb2 33. Nxd4 h5 34. f5 1-0

[Event "Wuerttemberg-ch Seniors 15th"]
[Site "Ellwangen"]
[Date "2003.04.15"]
[Round "5"]
[White "Landgraf, Siegfried"]
[Black "Schmid, Hartmut"]
[Result "0-1"]
[WhiteElo "2082"]
[BlackElo "2117"]
[PlyCount "98"]
[EventDate "2003.04.??"]
[EventType "swiss"]
[EventRounds "9"]
[EventCountry "GER"]
[SourceTitle "EXT 2006"]
[Source "ChessBase"]
[SourceDate "2005.11.24"]
[SourceVersion "1"]
[SourceVersionDate "2005.11.24"]
[SourceQuality "1"]

1. Nf3 f5 2. d4 g6 3. g3 Bg7 4. c3 b6 5. Bg2 Bb7 6. 0-0 Nf6 7. Qb3 e6 8. Bf4 0-0 9. Na3 a6 10. Rad1 d5 11. Nc2 Nbd7 12. Nce1 Ne4 13. Nd3 c5 14. Nde5 Ndf6 15. Ng5 Nxg5 16. Bxg5 Rc8 17. f3 a5 18. Rfe1 cxd4 19. cxd4 Ba6 20. e3 Bc4 21. Nxc4 dxc4 22. Qb5 Qd5 23. a4 Qxb5 24. axb5 Nd5 25. Bf1 h6 26. Bf4 Rfd8 27. Rc1 g5 28. Be5 Bxe5 29. dxe5 c3 30. b3 a4 31. Bc4 axb3 32. Bxb3 Kf7 33. e4 Ne7 34. Re3 Rc5 35. Rcxc3 Rxb5 36. Rc7 Kf8 37. f4 fxe4 38. Bxe6 Rd2 39. Rc1 Rbb2 40. Bh3 Rxh2 41. Bf1 Nf5 42. Ra3 Nd4 43. Rc8+ Kg7 44. f5 Nf3+ 45. Rxf3 exf3 46. Rc7+ Kf8 47. f6 Rhc2 48. Re7 Rc1 49. e6 Rg2+ 0-1

[Event "EU-chT Seniors 05th"]
[Site "Dresden"]
[Date "2003.02.27"]
[Round "5.3"]
[White "Haakert, Juergen"]
[Black "Landgraf, Siegfried"]
[Result "1-0"]
[WhiteElo "2414"]
[BlackElo "2106"]
[PlyCount "77"]
[EventDate "2003.02.23"]
[EventType "team-swiss"]
[EventRounds "7"]
[EventCountry "GER"]
[SourceTitle "EXT 2005"]
[Source "ChessBase"]
[SourceDate "2004.11.15"]
[SourceVersion "1"]
[SourceVersionDate "2004.11.15"]
[SourceQuality "1"]

1. g3 g6 2. f4 Bg7 3. Nf3 c5 4. Bg2 Nc6 5. 0-0 d5 6. d3 e6 7. c3 Nge7 8. e4 0-0 9. a4 b6 10. Na3 Bb7 11. Bd2 Qd7 12. Rb1 Rad8 13. Re1 dxe4 14. dxe4 Ba6 15. Nb5 Bb7 16. Be3 a6 17. Na3 Qc7 18. Qc2 Na5 19. Nd2 Rd7 20. Ndc4 Nxc4 21. Nxc4 b5 22. Na3 b4 23. Nc4 a5 24. Rbd1 Rfd8 25. Rxd7 Rxd7 26. cxb4 axb4 27. Rd1 Rxd1+ 28. Qxd1 Nc8 29. b3 Ba6 30. Bf1 Bxc4 31. Bxc4 Bf8 32. Kf2 Ne7 33. Bb5 Nc8 34. Qd7 Qxd7 35. Bxd7 Nd6 36. Bc6 c4 37. e5 cxb3 38. exd6 b2 39. Be4 1-0

[Event "GER-chT Seniors 10th"]
[Site "Rheda Wiedenbrueck"]
[Date "2001.08.18"]
[Round "7.3"]
[White "Nautsch, Werner"]
[Black "Landgraf, Siegfried"]
[Result "1/2-1/2"]
[WhiteElo "2270"]
[BlackElo "2162"]
[PlyCount "114"]
[EventDate "2001.08.12"]
[EventType "team"]
[EventRounds "7"]
[EventCountry "GER"]
[SourceTitle "EXT 2002"]
[Source "ChessBase"]
[SourceDate "2001.11.25"]
[SourceVersion "1"]
[SourceVersionDate "2001.11.25"]
[SourceQuality "1"]
[WhiteTeam "NRW Seniors"]
[BlackTeam "Sachsen Seniors"]
[WhiteTeamCountry "GER"]
[BlackTeamCountry "GER"]

1. f4 g6 2. Nf3 Bg7 3. g3 c5 4. Bg2 Nc6 5. 0-0 d6 6. Nc3 e6 7. d3 Nge7 8. e4 Rb8 9. Ne2 Nd4 10. c3 Nxf3+ 11. Bxf3 0-0 12. Be3 b6 13. d4 Qc7 14. g4 f5 15. Ng3 Bb7 16. Qb3 c4 17. Qc2 fxe4 18. Bxe4 Nd5 19. Rae1 Nf6 20. Bxb7 Qxb7 21. h3 Rbe8 22. Bc1 Qc6 23. g5 Nd7 24. h4 e5 25. dxe5 dxe5 26. f5 gxf5 27. Nxf5 Nc5 28. Be3 Nd3 29. Re2 Qe6 30. Ng3 Qh3 31. Rg2 Rxf1+ 32. Nxf1 Ne1 33. Qe4 Qxg2+ 34. Qxg2 Nxg2 35. Kxg2 b5 36. Ng3 e4 37. Bc5 e3 38. Kf3 a5 39. Bb6 Re6 40. Bxe3 b4 41. Ne4 Be5 42. a3 bxc3 43. bxc3 Kf7 44. h5 Re7 45. Bb6 a4 46. Nd2 Bxc3 47. Nxc4 Re6 48. Be3 Rc6 49. Nb6 Bb2 50. Nxa4 Bxa3 51. Bf4 Ke6 52. g6 hxg6 53. hxg6 Kf6 54. g7 Kxg7 55. Be5+ Kg6 56. Nb2 Kf5 57. Bd4 Rc2 1/2-1/2

[Event "GER-chT Seniors 10th"]
[Site "Rheda Wiedenbrueck"]
[Date "2001.08.14"]
[Round "3.3"]
[White "Brameyer, Hermann"]
[Black "Landgraf, Siegfried"]
[Result "1-0"]
[WhiteElo "2209"]
[BlackElo "2162"]
[PlyCount "141"]
[EventDate "2001.08.12"]
[EventType "team"]
[EventRounds "7"]
[EventCountry "GER"]
[SourceTitle "EXT 2002"]
[Source "ChessBase"]
[SourceDate "2001.11.25"]
[SourceVersion "1"]
[SourceVersionDate "2001.11.25"]
[SourceQuality "1"]
[WhiteTeam "Berlin Seniors"]
[BlackTeam "Sachsen Seniors"]
[WhiteTeamCountry "GER"]
[BlackTeamCountry "GER"]

1. d4 g6 2. Nf3 Bg7 3. e4 c5 4. d5 d6 5. Nc3 Nf6 6. Bb5+ Nbd7 7. a4 0-0 8. 0-0 a6 9. Be2 Rb8 10. Re1 Ne8 11. Bf4 Ndf6 12. Bf1 Nh5 13. Bd2 Nc7 14. h3 b6 15. Qc1 e5 16. g4 Nf6 17. Bg5 Qd7 18. Nh4 Nfe8 19. f3 f6 20. Be3 Qe7 21. Ng2 f5 22. Qd1 Bd7 23. Be2 b5 24. axb5 axb5 25. Ra7 b4 26. Nb1 Ra8 27. Rxa8 Nxa8 28. Nd2 Nb6 29. Qa1 fxg4 30. fxg4 h5 31. Qa7 Nc8 32. Qb7 hxg4 33. Bxg4 Bxg4 34. Qxe7 Nxe7 35. hxg4 Nf6 36. Bg5 Nc8 37. Ne3 Nh7 38. Bh4 Bh6 39. Bf2 Ng5 40. Kg2 Nh3 41. Bg3 Nf4+ 42. Kh2 Rf7 43. Kg1 Nh3+ 44. Kg2 Nf4+ 45. Bxf4 Bxf4 46. Nec4 Bxd2 47. Nxd2 Rf4 48. Kg3 Nb6 49. b3 Nd7 50. Nc4 Nf6 51. Nxd6 Rxg4+ 52. Kf3 Rf4+ 53. Ke3 Kf8 54. Kd3 Rf3+ 55. Re3 Rxe3+ 56. Kxe3 Kg7 57. Kd3 g5 58. Kc4 Nd7 59. Kb5 g4 60. Kc6 Kf8 61. Nf5 Ke8 62. Kd6 Kd8 63. Ke6 Kc7 64. Ke7 Nb6 65. Kf6 Nd7+ 66. Kg5 Kb6 67. Kxg4 c4 68. Ne3 cxb3 69. cxb3 Nc5 70. Nc4+ Kc7 71. Nd2 1-0

[Event "EU-chT Seniors 03rd"]
[Site "Dresden"]
[Date "2001.03.02"]
[Round "6.3"]
[White "Funk, Paul"]
[Black "Landgraf, Siegfried"]
[Result "1-0"]
[WhiteElo "2133"]
[BlackElo "2172"]
[PlyCount "78"]
[EventDate "2001.02.26"]
[EventType "team-swiss"]
[EventRounds "7"]
[EventCountry "GER"]
[SourceTitle "EXT 2005"]
[Source "ChessBase"]
[SourceDate "2004.11.15"]
[SourceVersion "1"]
[SourceVersionDate "2004.11.15"]
[SourceQuality "1"]

1. d4 g6 2. Nf3 Bg7 3. c4 d6 4. Nc3 Bg4 5. e3 Nc6 6. Be2 e5 7. d5 Nce7 8. h3 Bxf3 9. Bxf3 Nf6 10. e4 a5 11. Be3 Nd7 12. g4 h6 13. Qd2 Nc5 14. Rc1 Nc8 15. h4 Nb6 16. Be2 Nbd7 17. h5 g5 18. f3 0-0 19. b3 b6 20. Bd1 Bf6 21. Ne2 Qb8 22. Nc3 Na6 23. a3 Qb7 24. Kf2 Rfd8 25. Kg3 Be7 26. Rb1 f6 27. b4 axb4 28. axb4 Kg7 29. Ba4 Nab8 30. Ra1 Bf8 31. Qb2 c5 32. bxc5 Nxc5 33. Bxc5 dxc5 34. Rhb1 Rd6 35. Bb5 Rxa1 36. Rxa1 Rd8 37. Qa2 Bd6 38. Qa7 Qc7 39. Qxc7+ Bxc7 1-0